[Event "Montreal Pere Noel op"]
[Site "Montreal"]
[Date "2004.??.??"]
[Round "3"]
[White "Rodriguez, Herver W"]
[Black "Papineau, Daniel"]
[Result "0-1"]
[WhiteElo "1719"]
[BlackElo "2071"]
[PlyCount "78"]
[EventDate "2004.12.??"]
[EventType "swiss"]
[EventRounds "5"]
[EventCountry "CAN"]
[SourceTitle "EXT 2006"]
[Source "ChessBase"]
[SourceDate "2005.11.24"]
[SourceVersion "1"]
[SourceVersionDate "2005.11.24"]
[SourceQuality "1"]

1. e4 e6 2. d4 a6 3. Nf3 b5 4. Bd3 Bb7 5. 0-0 Nf6 6. Re1 c5 7. c3 Be7 8. a4 Qb6 9. axb5 axb5 10. Rxa8 Bxa8 11. Na3 c4 12. Bb1 Bc6 13. Ne5 Bb7 14. Ng4 h5 15. Ne5 d5 16. exd5 Bxd5 17. Nc2 Be4 18. Bg5 Qb7 19. Ne3 Bxb1 20. Qxb1 Nc6 21. b3 cxb3 22. Qxb3 0-0 23. N3c4 Rc8 24. Nd2 Nxe5 25. Rxe5 Nd5 26. Bxe7 Rxc3 27. Qb2 Qxe7 28. Qxb5 Rc1+ 29. Nf1 Nf6 30. Qb8+ Qf8 31. Qb2 Qc8 32. Rb5 Qc2 33. Rb8+ Kh7 34. Qb5 Nd5 35. g3 h4 36. Kg2 Qe4+ 37. Kh3 Qf5+ 38. Kxh4 g5+ 39. Kh5 Nf6# 0-1

[Event "Quebec-ch qual 2"]
[Site "Montreal"]
[Date "2003.05.31"]
[Round "2"]
[White "Rodriguez, Herver W"]
[Black "McDonough, Jonathan"]
[Result "1-0"]
[WhiteElo "1733"]
[BlackElo "2042"]
[PlyCount "63"]
[EventDate "2003.05.??"]
[EventType "swiss"]
[EventRounds "5"]
[EventCountry "CAN"]
[SourceTitle "EXT 2006"]
[Source "ChessBase"]
[SourceDate "2005.11.24"]
[SourceVersion "1"]
[SourceVersionDate "2005.11.24"]
[SourceQuality "1"]

1. e4 e6 2. d4 d5 3. Nc3 Bb4 4. e5 c5 5. a3 Bxc3+ 6. bxc3 Qc7 7. f4 cxd4 8. cxd4 Qc3+ 9. Bd2 Qxd4 10. Nf3 Qa4 11. Bd3 f5 12. 0-0 Nc6 13. Qb1 a6 14. Qb6 Nge7 15. Rfc1 d4 16. Qc5 Bd7 17. Bb4 Nd5 18. Nxd4 Nxd4 19. Qxd4 a5 20. c4 Nxf4 21. Bd6 g5 22. Bf1 Qc6 23. g3 Qg2+ 24. Bxg2 Ne2+ 25. Kf2 Nxd4 26. Rab1 Kf7 27. Rxb7 Rhd8 28. Rxd7+ Rxd7 29. Bxa8 Nb3 30. Rc3 Nd2 31. c5 Rd8 32. Bg2 1-0

[Event "Montreal op"]
[Site "Montreal"]
[Date "2001.??.??"]
[Round "1"]
[White "Rodriguez, Herver W"]
[Black "Masse, Hugues"]
[Result "1/2-1/2"]
[WhiteElo "1923"]
[BlackElo "2157"]
[PlyCount "106"]
[EventDate "2001.??.??"]
[EventType "swiss"]
[EventRounds "6"]
[EventCountry "CAN"]
[SourceTitle "EXT 2003"]
[Source "ChessBase"]
[SourceDate "2002.11.25"]
[SourceVersion "1"]
[SourceVersionDate "2002.11.25"]
[SourceQuality "1"]

1. e4 e5 2. Nf3 Nc6 3. Bb5 a6 4. Ba4 Nf6 5. 0-0 Bc5 6. d3 b5 7. Bb3 d6 8. c3 Bg4 9. Be3 Bxe3 10. fxe3 Rb8 11. Nbd2 0-0 12. Qe1 Na5 13. Bc2 c5 14. Qg3 b4 15. Ng5 h6 16. Ngf3 bxc3 17. bxc3 Rb2 18. Ne1 Be6 19. c4 Rb6 20. Ndf3 Nc6 21. Nh4 Nh7 22. Nf5 Bxf5 23. Rxf5 Ne7 24. Rf2 Ng6 25. Nf3 Ng5 26. Nd2 Ne6 27. Raf1 Qg5 28. Qf3 Ne7 29. Qe2 f6 30. Nf3 Qh5 31. Qd2 Rfb8 32. Bb3 Ng5 33. Nxg5 Qxg5 34. Rf3 Kh8 35. Rg3 Qh5 36. d4 Qe8 37. Qd1 Nc6 38. Qg4 Qe7 39. dxc5 dxc5 40. Rd1 Rd8 41. Rd5 Rbb8 42. Rxc5 Nb4 43. Ra5 Rd2 44. c5 Nd3 45. h4 Nf2 46. Qg6 Nd3 47. c6 Nc1 48. Rg4 Nxb3 49. axb3 Rxb3 50. c7 Rc3 51. Rxa6 Rxc7 52. Ra8+ Rd8 53. Rxd8+ Qxd8 1/2-1/2